000 00540nam a2200205Ia 4500
005 20240510105850.0
008 131103s9999 xx 000 0 und d
020 _a195641299
_cRs.53
040 _aLoreto College
041 _aEnglish
082 _a428
_bHOW
100 _aHowe, D.H.
245 _aAdvance with english
_b work book 3
_cD.H. Howe and other
260 _aNew Delhi
_bOxford university press
_c2002
300 _a81p.
_b pic.
650 _aEnglish reader
651 _aEnglish language
850 _aLCBED
942 _cBK
999 _c30011
_d80490